| 000 | 00438nam a2200157 i 4500 | ||
|---|---|---|---|
| 001 | 23588 | ||
| 003 | ES-MaACL | ||
| 005 | 20230906152912.0 | ||
| 007 | t| | ||
| 008 | 021211s1966 sp ||||1| spa d | ||
| 100 | 1 |
_aAncel, Alfred. _9148331 |
|
| 245 | 1 | 0 |
_aCaridad auténtica y otras cuestiones / _cAlfred Ancel. |
| 260 |
_a[Bilbao] : _bDesclée de Brouwer, _c1966. |
||
| 300 |
_a193 p. ; _c19 cm. |
||
| 852 |
_aES-MaACL _jC-29923 _bR.60240 |
||
| 999 |
_c23588 _d23588 |
||